О повреждении нравов в России; Путешествие из Петербурга в Москву

Bibliographische Detailangaben
1. Verfasser: Щербатов М. М. Михаил Михайлович
Körperschaft: Академия наук СССР (АН СССР) Институт истории СССР
Weitere Verfasser: Нечкина М. В. (редактор), Рудницкая Л. Е.
Sprache:Russisch
Veröffentlicht: Москва, Наука, 1983
Ausgabe:факсимильное издание
Copublished:А. Н. Радищев. Путешествие из Петербурга в Москву
Schlagworte:
Format: Buch
KOHA link:https://koha.lib.tpu.ru/cgi-bin/koha/opac-detail.pl?biblionumber=356270

MARC

LEADER 00000nam0a2200000 4500
001 356270
005 20231102010858.0
035 |a (RuTPU)RU\TPU\retro\13530 
090 |a 356270 
100 |a 20200717d1983 m y0rusy50 ca 
101 0 |a rus 
102 |a RU 
105 |a y z 001zy 
200 1 |a О повреждении нравов в России   |f М. М. Щербатов 
205 |a факсимильное издание 
210 |a Москва  |c Наука  |d 1983 
215 |a 175 с. 
320 |a Указатель имен: с. 152-173 
423 |t Путешествие из Петербурга в Москву  |f А. Н. Радищев  |a Радищев, Александр Николаевич 
517 1 |a О повреждении нравов в России князя М. Щербатова и Путешествие А. Радищева 
606 1 |a Русская литература, дореволюционная  |2 stltpush  |3 (RuTPU)RU\TPU\subj\26371  |9 50314 
610 1 |a романы 
610 1 |a проза 
610 1 |a Россия 
610 1 |a история 
610 1 |a 18 век 
610 1 |a нравы 
610 1 |a путешествия 
675 |a Р1  |v 4 
700 1 |a Щербатов  |b М. М.  |c русский князь  |c историк  |c публицист  |f 1733-1790  |g Михаил Михайлович  |2 stltpush  |3 (RuTPU)RU\TPU\pers\1231  |9 552 
702 1 |a Нечкина  |b М. В.  |4 340 
702 1 |a Рудницкая  |b Л. Е.  |4 340 
712 0 2 |a Академия наук СССР (АН СССР)  |b Институт истории СССР  |c (1968-1991)  |c (Москва)  |2 stltpush  |3 (RuTPU)RU\TPU\col\11069 
801 1 |a RU  |b 63413507  |c 20200717 
801 2 |a RU  |b 63413507  |c 20200722  |g RCR 
942 |c BK